Neighbour notification (Record no. 105863)

MARC details
000 -LEADER
fixed length control field 01163cam a2200229 4500
001 - CONTROL NUMBER
control field ##E134958
008 - FIXED-LENGTH DATA ELEMENTS--GENERAL INFORMATION
fixed length control field 060913n2006 000 0 eng u
020 ## - INTERNATIONAL STANDARD BOOK NUMBER
International Standard Book Number 0755961471
035 ## - SYSTEM CONTROL NUMBER
System control number (Sirsi) u134958
041 0# - LANGUAGE CODE
Language code of text/sound track or separate title eng
050 04 - LIBRARY OF CONGRESS CALL NUMBER
Classification number 711.1 $2 18
110 2# - MAIN ENTRY--CORPORATE NAME
Corporate name or jurisdiction name as entry element Scotland
Subordinate unit Scottish Executive Development Department
245 00 - TITLE STATEMENT
Title Neighbour notification
Remainder of title report on the working group
260 ## - PUBLICATION, DISTRIBUTION, ETC.
Place of publication, distribution, etc. Edinburgh
Name of publisher, distributor, etc. Scottish Executive Development Department
Date of publication, distribution, etc. 2006
300 ## - PHYSICAL DESCRIPTION
Extent 23p.
Dimensions 30 cm.
520 ## - SUMMARY, ETC.
Summary, etc. Report on the conclusions and recommendations of the Neighbour Notification Working Group which was set up in July 2004 to discuss the issues involved in relation to implementation of the new neighbourhood notification system. Will assist in preparation of secondary legislation, guidance and advice in the way neighbourhood notification is carried out.
590 ## - LOCAL NOTE (RLIN)
Local note IKA190906
651 #4 - SUBJECT ADDED ENTRY--GEOGRAPHIC NAME
Geographic name Scotland
Chronological subdivision 1999-
690 ## - LOCAL SUBJECT ADDED ENTRY--TOPICAL TERM (OCLC, RLIN)
Topical term or geographic name as entry element ENVIRONMENTAL AND LAND CONSULTANCY-PLANNING AND DEVELOPMENT-DEVELOPMENT CONTROL-PLANNING ENFORCEMENT
856 40 - ELECTRONIC LOCATION AND ACCESS
Uniform Resource Identifier <a href="https://www.scotland.gov.uk/Publications/2006/07/03163235/0">https://www.scotland.gov.uk/Publications/2006/07/03163235/0</a>
Public note View the report at www.scotland.gov.uk...
942 ## - ADDED ENTRY ELEMENTS (KOHA)
Suppress in OPAC 0
Holdings
Withdrawn status Lost status Source of classification or shelving scheme Damaged status Not for loan Home library Current library Shelving location Date acquired Total Checkouts Full call number Barcode Date last seen Copy number Price effective from Koha item type
    Dewey Decimal Classification     Virtual Virtual Online 13/09/2006   ONLINE PUBLICATION 134958-4001 06/08/2019 1 06/08/2019 Book